С подписью "Ракета"

Доступно только в Электронных читальных залах Найти на картеНа карте
RUSMARC
00003549nmc2a22002531x 450
001835550a8-965c-4649-ae3b-4d8dd5e78998
00520131119173719.0
100##$a20130605l1915 k y0rusy50 ca
1010#$arus
102##$aRU
105##$ay z |||||
2001#$aС подписью "Ракета"
$j1908-1915
215##$a8 листов
$cоткр.
251##$cДело
300##$aЗаголовок дела на папке: Письма с подписью "Ракета" Кони А. Ф.
300##$aРукописный текст
330##$aПереписка А. Ф. Кони; Письма к А. Ф. Кони
461#0$10013a54f2e3-e9cf-409b-80fa-f0a9bd3c40cb
$12001
$aКони Анатолий Федорович, юрист, литератор, член академии наук, председатель Санкт-Петербургского окружного суда, член государственного совета
$1251
$cФонд
$1852
$j564
462#0$100178a475cd-a47d-4377-bff3-cee4b81de655
$12001
$aОпись дел фонда А. Ф. Кони за 1880-1931 гг.
$1251
$cОпись
$1852
$j1
517##$aПисьма с подписью "Ракета" Кони А. Ф.
600#1$aКони
$bА. Ф.
$f1844-1927
$gАнатолий Федорович
801#0$aRU
$bGA_RF
801#1$aRU
$bНПО Опыт
$c20130605
$2rusmarc
801#2$aRU
$bПБ им. Б.Н. Ельцина
$c20131119
$gRCR
$2rusmarc
852##$aГА РФ
$j3971
937##$d41825086
$hПБ
035##$aRuPRLIB51006531
Формат отображения